Os lápis com que eu desenhava (Record no. 16381)
[ view plain ]
| 000 -Etiqueta do registo | |
|---|---|
| Valores | 00388nam a2200145 4500 |
| 010 ## - Número ISBN | |
| ISBN | 9789895665419 |
| 021 ## - Número do Depósito Legal | |
| Número | 550346/25 |
| 100 ## - Dados gerais de processamento | |
| Dados gerais | 20250731 pory50 |
| 200 ## - Titulo e menção de responsabilidade | |
| Título próprio | Os lápis com que eu desenhava |
| Título paralelo | (Poesia Popular) |
| Primeira menção de responsabilidade | João António Carriço Grilo |
| 210 ## - Publicação | |
| Local de publicação | Famões |
| Nome do editor | Ed. Colibri |
| Data de publicação | 2025 |
| 215 ## - Descrição física | |
| Paginação / Volumes | 132 p. |
| 801 ## - Fonte de origem | |
| País | PT |
| Agência | BMA |
| Regras de catalogação | RPC |
| 990 ## - Elementos KOHA | |
| Tipo de documento | Livro |
| Situação do levantamento | Estado | Biblioteca de origem | Código de barras | Cota | Permissão de empréstimo | Tipo de documento | Forma de aquisição |
|---|---|---|---|---|---|---|---|
| Biblioteca Municipal do Alandroal | 18436/25 | 821.134.3-1 GRI | Livro | Oferta |